[Event "Hofheim Spring op-C 2nd"]
[Site "Hofheim"]
[Date "2014.04.25"]
[Round "4"]
[White "Wachsmann, Elmar"]
[Black "Kumar, Vedant"]
[Result "1-0"]
[WhiteElo "978"]
[BlackElo "891"]
[PlyCount "67"]
[EventDate "2014.04.23"]
[EventType "swiss"]
[EventRounds "7"]
[EventCountry "GER"]
[SourceTitle "CBM 160 Extra"]
[Source "ChessBase"]
[SourceDate "2014.07.01"]
[SourceVersion "1"]
[SourceVersionDate "2014.07.01"]
[SourceQuality "1"]

1. d4 d6 2. Nf3 Nf6 3. Bf4 e6 4. e3 Nbd7 5. c4 Be7 6. Nc3 0-0 7. Bd3 c5 8. Bg3 d5 9. 0-0 dxc4 10. Bxc4 cxd4 11. Nxd4 e5 12. Nf3 e4 13. Nd2 Nc5 14. h3 Be6 15. Bxe6 fxe6 16. Qc2 Nd3 17. Ndxe4 Nxe4 18. Nxe4 Nb4 19. Qb3 a5 20. Qxe6+ Kh8 21. Rfd1 Qe8 22. Rd7 Rf7 23. Nd6 Rf6 24. Qxe7 Qg8 25. Be5 Rg6 26. Nf7+ Qxf7 27. Qxf7 Rg8 28. Re7 Nd5 29. Re8 Nf6 30. Bxf6 gxf6 31. Rxg8+ Rxg8 32. Qxf6+ Rg7 33. Rd1 h5 34. Rd7 1-0